000 00752cab a2200229 4500
001 WB3133-46
008 090401t1995 xxu||||| |||| 00| 0 eng d
035 _a(Sirsi) u61213
041 _aeng
245 _aEstate agent turns to seasonal sale
260 _c1995
350 _a0
490 _aTimes
_v7 September 1995, 23(1)
520 _aRoyal Insurance Property Services is launching a September sale, encouraging clients to price properties "competitively", in an attempt to stimulate the market.
650 _aHOUSE PRICES
650 _aHOUSING MARKET
650 _aPROPERTY MARKET
650 _aROYAL INSURANCE PROPERTY SERVICES
690 _aMANAGEMENT-BUSINESS MANAGEMENT-PROFESSIONAL PRACTICE
942 _n0
948 _c04/03/1997
999 _c37875
_d37875